00377nam a22001337a 450000500170000000800410001703700090005804000150006704100080008210000180009024500770010826000490018530000090023420260408133923.0260408b |||||||| |||| 00| 0 eng d cDSWL aDSWLcDSWL heng aJha, Anoushka aUnderstanding the occupational attributes of women in paid domestic work aNew Delhi,bDepartment of Social Work,c2017 a100p